000
00265nam a22001217a 4500
003
SGT
082
_a
618.2
_b
C17C
100
_a
CHATTOPADHAYAY, SISIRK
245
_a
CONCISE TB. OF OBSTETRICS
260
_a
INDIA
_b
WOLTERS
_c
2017
300
_a
462
942
_2
ddc
_c
BK
999
_c
14948
_d
14948